Sociální politika měsíčník Ministerstva práce a sociálních věcí České republiky

Guardado en:
Detalles Bibliográficos
Formato: Seriadas
Lenguaje:checo
Publicado: Praha BMSS-Start
Materias:
Etiquetas: Agregar Etiqueta
Sin Etiquetas, Sea el primero en etiquetar este registro!

MARC

LEADER 00000nas1a22000001 4500
001 s120022
005 20250714130212.8
022 |a 0049-0962 
041 0 |a cze 
044 |a CZ 
245 1 0 |a Sociální politika  |b měsíčník Ministerstva práce a sociálních věcí České republiky 
264 1 |a Praha  |b BMSS-Start 
500 |a Podnázov od r. 1993: Měsíčník pro sociální problematiku..., od r. 1996: Měsíčník Ministerstva práce a sociálních věcí ČR 
610 2 0 |a politika sociálna 
610 2 0 |a právo pracovné